<?xml version="1.0" encoding="UTF-8"?><?xml-stylesheet type="text/xsl" href="static/style.xsl"?><OAI-PMH xmlns="http://www.openarchives.org/OAI/2.0/" xmlns:xsi="http://www.w3.org/2001/XMLSchema-instance" xsi:schemaLocation="http://www.openarchives.org/OAI/2.0/ http://www.openarchives.org/OAI/2.0/OAI-PMH.xsd"><responseDate>2026-04-30T05:15:27Z</responseDate><request verb="GetRecord" identifier="oai:uvadoc.uva.es:10324/29101" metadataPrefix="marc">https://uvadoc.uva.es/oai/request</request><GetRecord><record><header><identifier>oai:uvadoc.uva.es:10324/29101</identifier><datestamp>2025-03-26T19:10:03Z</datestamp><setSpec>com_10324_31661</setSpec><setSpec>com_10324_952</setSpec><setSpec>com_10324_894</setSpec><setSpec>com_10324_1170</setSpec><setSpec>com_10324_931</setSpec><setSpec>col_10324_31662</setSpec><setSpec>col_10324_1367</setSpec></header><metadata><record xmlns="http://www.loc.gov/MARC21/slim" xmlns:doc="http://www.lyncode.com/xoai" xmlns:xsi="http://www.w3.org/2001/XMLSchema-instance" xmlns:dcterms="http://purl.org/dc/terms/" xsi:schemaLocation="http://www.loc.gov/MARC21/slim http://www.loc.gov/standards/marcxml/schema/MARC21slim.xsd">
<leader>00925njm 22002777a 4500</leader>
<datafield tag="042" ind1=" " ind2=" ">
<subfield code="a">dc</subfield>
</datafield>
<datafield tag="720" ind1=" " ind2=" ">
<subfield code="a">Hernández Gómez, Roberto</subfield>
<subfield code="e">author</subfield>
</datafield>
<datafield tag="720" ind1=" " ind2=" ">
<subfield code="a">Fernández Vicente, Teresa</subfield>
<subfield code="e">author</subfield>
</datafield>
<datafield tag="720" ind1=" " ind2=" ">
<subfield code="a">Martín González, María del Carmen</subfield>
<subfield code="e">author</subfield>
</datafield>
<datafield tag="720" ind1=" " ind2=" ">
<subfield code="a">Mondejar Montagud, María Engracia</subfield>
<subfield code="e">author</subfield>
</datafield>
<datafield tag="720" ind1=" " ind2=" ">
<subfield code="a">Chamorro Camazón, César Rubén</subfield>
<subfield code="e">author</subfield>
</datafield>
<datafield tag="260" ind1=" " ind2=" ">
<subfield code="c">2015</subfield>
</datafield>
<datafield tag="520" ind1=" " ind2=" ">
<subfield code="a">The composition of biogas may vary significantly due to the diversity of production sources, making essential to have a detailed knowledge of their thermophysical properties in order to develop and validate methods for the estimation of density, heat capacity and calorific value of biogas and biomethane. In this work the thermodynamic behavior of a synthetic biogas-like mixture, composed by methane (50%), carbon dioxide (35%), nitrogen (10%) and carbon monoxide (5%), is studied through accurate (p,ρ,T) experimental data obtained by using a single sinker densimeter with magnetic suspension coupling. The mixture was prepared by the gravimetric method at the Spanish National Metrology Institute (Centro Español de Metrología, CEM) and the accurate density measurements have been performed in the temperature range from (275 to 400) K and pressures up to 20 MPa. This work is part of the research project ‘Metrology for Biogas’ supported by the European Metrology Research Program. Experimental data are compared with the densities calculated with the GERG-2008 equation of state. Deviation between experimental and estimated densities is within a ±0.2% band at all temperatures, except at the lower temperature, 275 K, and pressures from (6 to 15) MPa, which shows a higher deviation.</subfield>
</datafield>
<datafield tag="024" ind2=" " ind1="8">
<subfield code="a">J. Chem. Thermodynamics 84 (2015) 60–66</subfield>
</datafield>
<datafield tag="024" ind2=" " ind1="8">
<subfield code="a">0021-9614</subfield>
</datafield>
<datafield tag="024" ind2=" " ind1="8">
<subfield code="a">http://uvadoc.uva.es/handle/10324/29101</subfield>
</datafield>
<datafield tag="024" ind2=" " ind1="8">
<subfield code="a">10.1016/j.jct.2014.12.028</subfield>
</datafield>
<datafield tag="024" ind2=" " ind1="8">
<subfield code="a">60</subfield>
</datafield>
<datafield tag="024" ind2=" " ind1="8">
<subfield code="a">84</subfield>
</datafield>
<datafield tag="024" ind2=" " ind1="8">
<subfield code="a">66</subfield>
</datafield>
<datafield tag="024" ind2=" " ind1="8">
<subfield code="a">The Journal of Chemical Thermodynamics</subfield>
</datafield>
<datafield tag="024" ind2=" " ind1="8">
<subfield code="a">84</subfield>
</datafield>
<datafield ind1=" " ind2=" " tag="653">
<subfield code="a">Termodinámica</subfield>
</datafield>
<datafield tag="245" ind1="0" ind2="0">
<subfield code="a">Integration of biogas in the natural gas grid: thermodynamic characterization of a biogas-like mixture</subfield>
</datafield>
</record></metadata></record></GetRecord></OAI-PMH>